[Event "LGA Premium Cup"]
[Site "schach.lga.de"]
[Date "2004.09.10"]
[Round "1"]
[White "Lingl, Peter"]
[Black "Stürmer, Martin"]
[Result "0-1"]
[WhiteElo "1378"]
[BlackElo "1968"]
[PlyCount "28"]
[EventDate "2004.09.10"]
[SourceDate "2004.09.10"]

1. e4 c5 2. Bc4 Nf6 3. d3 e6 4. Nc3 Nc6 5. f4 d5 6. Bb3 dxe4 7. Nh3 exd3 8.
cxd3 Be7 9. O-O O-O 10. Qf3 Nd4 11. Qg4 b5 12. Rf2 Bb7 13. Ne2 Nf5 14. Qg5 h6
0-1

[Event "LGA Premium Cup"]
[Site "schach.lga.de"]
[Date "2004.09.10"]
[Round "1"]
[White "FM Zesch, Ludwig"]
[Black "Dehmel, Steffi"]
[Result "1-0"]
[WhiteElo "2308"]
[BlackElo "1791"]
[PlyCount "51"]
[EventDate "2004.09.10"]
[SourceDate "2004.09.10"]

1. e4 c5 2. Nf3 Nc6 3. d4 cxd4 4. Nxd4 Nf6 5. Nc3 e5 6. Ndb5 d6 7. Bg5 a6 8.
Na3 b5 9. Bxf6 gxf6 10. Nd5 f5 11. exf5 Bxf5 12. c3 Bg7 13. Nc2 O-O 14. Nce3
Be6 15. Bd3 f5 16. Qh5 e4 17. Bc2 b4 18. Nf4 Bf7 19. Qxf5 Ne7 20. Qxe4 Ng6 21.
Nxg6 Bxg6 22. Bb3+ Kh8 23. Qxb4 Qf6 24. O-O Rae8 25. Rad1 Re4 26. Qxd6 1-0

[Event "LGA Premium Cup"]
[Site "schach.lga.de"]
[Date "2004.09.10"]
[Round "1"]
[White "Stephan, Gilbert"]
[Black "Trapp, Robert"]
[Result "0-1"]
[WhiteElo "1009"]
[BlackElo "1866"]
[PlyCount "50"]
[EventDate "2004.09.10"]
[SourceDate "2004.09.10"]

1. e4 d5 2. Nc3 d4 3. Nce2 e5 4. d3 c5 5. Nf3 Nc6 6. c3 Nf6 7. Ng3 Bg4 8. Be2
h6 9. Bd2 Bd6 10. O-O O-O 11. a3 Be6 12. c4 Nh7 13. Qc1 Ne7 14. Nh5 f5 15. Nxg7
Kxg7 16. Bxh6+ Kh8 17. Bxf8 Qxf8 18. Nh4 f4 19. g3 Qh6 20. Nf3 Rg8 21. Kh1 Ng6
22. Rg1 Nf6 23. Rg2 Bh3 24. Rg1 Ng4 25. Nd2 Nxf2# 0-1

[Event "LGA Premium Cup"]
[Site "schach.lga.de"]
[Date "2004.09.10"]
[Round "1"]
[White "Schlötterer, Herrmann"]
[Black "Hennemann, Herbert"]
[Result "1-0"]
[WhiteElo "2049"]
[BlackElo "1546"]
[PlyCount "59"]
[EventDate "2004.09.10"]
[SourceDate "2004.09.10"]

1. d4 Nf6 2. g3 e6 3. Bg2 d5 4. Nf3 c5 5. O-O Nc6 6. c4 Bd7 7. cxd5 Nxd5 8. e4
Nb6 9. d5 Nd4 10. Nxd4 cxd4 11. Qxd4 exd5 12. exd5 Be6 13. Re1 Rc8 14. Nc3 Be7
15. Qd1 Rxc3 16. bxc3 Nxd5 17. c4 Nb4 18. Qxd8+ Bxd8 19. Rb1 Nxa2 20. Ba3 Be7
21. Bxe7 Kxe7 22. Rxb7+ Kf6 23. c5 Rd8 24. Rxa7 Nb4 25. c6 Rd2 26. Be4 Na2 27.
c7 Nc3 28. Bf3 Nb5 29. Rxe6+ fxe6 30. c8=Q 1-0

[Event "LGA Premium Cup"]
[Site "schach.lga.de"]
[Date "2004.09.10"]
[Round "1"]
[White "Kittler, Alexander"]
[Black "Redzepovic, Irfan"]
[Result "0-1"]
[WhiteElo "1271"]
[BlackElo "1926"]
[PlyCount "46"]
[EventDate "2004.09.10"]
[SourceDate "2004.09.10"]

1. e4 d6 2. d4 Nf6 3. Bd3 g6 4. Nf3 Bg7 5. O-O O-O 6. Be3 a6 7. Qd2 b5 8. Bh6
c5 9. Bxg7 Kxg7 10. dxc5 dxc5 11. e5 Ne8 12. Qc3 Qb6 13. Re1 Nc7 14. Be4 Ra7
15. Nbd2 Nc6 16. Bxc6 Qxc6 17. Ne4 Ne6 18. Rad1 Bb7 19. Rd2 Raa8 20. Qe3 h6 21.
Nh4 Rad8 22. Rxd8 Rxd8 23. c3 Qxe4 0-1

[Event "LGA Premium Cup"]
[Site "schach.lga.de"]
[Date "2004.09.10"]
[Round "1"]
[White "Hestermann, Ludwig"]
[Black "Schneider, David"]
[Result "0-1"]
[WhiteElo "1639"]
[BlackElo "2092"]
[PlyCount "46"]
[EventDate "2004.09.10"]
[SourceDate "2004.09.10"]

1. d4 g6 2. c4 Bg7 3. Nc3 d6 4. b3 c5 5. e3 Nc6 6. Nge2 Bf5 7. a3 cxd4 8. exd4
e5 9. Be3 Bg4 10. f3 Bxf3 11. gxf3 exd4 12. Nxd4 Nxd4 13. Bxd4 Qh4+ 14. Bf2
Bxc3+ 15. Ke2 Qe7+ 16. Kd3 Be5 17. Bh3 Qf6 18. Re1 Ne7 19. Ra2 O-O 20. Re4 d5
21. Rxe5 dxc4+ 22. Kxc4 Qxe5 23. Bg3 b5+ 0-1

[Event "LGA Premium Cup"]
[Site "schach.lga.de"]
[Date "2004.09.10"]
[Round "1"]
[White "FM Eppinger, Georg"]
[Black "Schiller, Angel"]
[Result "1-0"]
[WhiteElo "2290"]
[BlackElo "1749"]
[PlyCount "49"]
[EventDate "2004.09.10"]
[SourceDate "2004.09.10"]

1. e4 c5 2. c3 d6 3. d4 cxd4 4. cxd4 Nf6 5. Nc3 g6 6. f4 Bg7 7. e5 dxe5 8. fxe5
Nd5 9. Bc4 Nxc3 10. bxc3 O-O 11. Nf3 Qc7 12. Qe2 b5 13. Bd5 Qxc3+ 14. Qd2 Qxa1
15. O-O e6 16. Bxa8 Qb1 17. Ba3 Qf5 18. Bxf8 Bxf8 19. Ng5 Qg4 20. Ne4 Be7 21.
Qf2 Qf5 22. Qc2 Ba6 23. Rxf5 gxf5 24. Qc7 fxe4 25. Qxe7 1-0

[Event "LGA Premium Cup"]
[Site "schach.lga.de"]
[Date "2004.09.10"]
[Round "1"]
[White "Hamelrath, Edward"]
[Black "Wagner, Florian"]
[Result "0-1"]
[WhiteElo "1443"]
[BlackElo "2000"]
[PlyCount "76"]
[EventDate "2004.09.10"]
[SourceDate "2004.09.10"]

1. d4 Nf6 2. c4 b6 3. Nc3 Bb7 4. f3 d5 5. cxd5 Nxd5 6. Nxd5 Qxd5 7. e4 Qd7 8.
Be3 e6 9. a3 Be7 10. Rc1 O-O 11. Bc4 Rd8 12. Ne2 a5 13. O-O Na6 14. Qc2 b5 15.
Ba2 Rac8 16. Rfd1 Qe8 17. Nf4 Bg5 18. Qf2 Qe7 19. Nd3 Bxe3 20. Qxe3 c5 21. dxc5
Nxc5 22. Nxc5 Rxd1+ 23. Rxd1 Rxc5 24. Rc1 Rxc1+ 25. Qxc1 Qd6 26. h3 h6 27. Kf2
b4 28. axb4 Qd4+ 29. Kg3 axb4 30. Qc2 Ba6 31. Qc1 Bd3 32. Bb1 Bc4 33. Qc2 Qe5+
34. Kf2 Bb5 35. Qd2 Qc5+ 36. Kg3 b3 37. Qf2 Qc1 38. Bc2 bxc2 0-1

[Event "LGA Premium Cup"]
[Site "schach.lga.de"]
[Date "2004.09.11"]
[Round "1"]
[White "Bildt, Thomas"]
[Black "Kretschmer, Lorenz"]
[Result "1/2-1/2"]
[WhiteElo "2086"]
[BlackElo "1626"]
[PlyCount "122"]
[EventDate "2004.09.10"]
[SourceDate "2004.09.10"]

1. e4 c5 2. Bc4 d6 3. f4 e6 4. Nf3 Nf6 5. Nc3 a6 6. a4 Nc6 7. d3 Qc7 8. O-O h6
9. Qe2 Be7 10. e5 dxe5 11. Nxe5 Nd4 12. Qf2 O-O 13. Ne4 Nc6 14. Nxf6+ Bxf6 15.
Qxc5 Be7 16. Qe3 Nd4 17. Qf2 Bc5 18. Be3 Qb6 19. Kh1 Rd8 20. f5 Qc7 21. Nf3
Nxf3 22. Qxf3 exf5 23. Bxc5 Qxc5 24. Rfe1 Bd7 25. c3 Bc6 26. Qe3 Qxe3 27. Rxe3
Re8 28. Rae1 Kf8 29. Rxe8+ Rxe8 30. Rxe8+ Kxe8 31. a5 f4 32. Kg1 f6 33. d4 Be4
34. Be2 Ke7 35. c4 g5 36. Kf2 f5 37. h3 Kd7 38. b4 Kd6 39. Bh5 Bd3 40. Bf7 Ke7
41. Bd5 Be4 42. Bg8 Kf8 43. Be6 Ke7 44. d5 Bd3 45. Bg8 Kd7 46. c5 Be4 47. Be6+
Ke7 48. Bg8 Kd7 49. d6 Bc6 50. Bc4 Be4 51. Be2 Bc6 52. Bc4 Be4 53. b5 axb5 54.
Bxb5+ Bc6 55. Be2 Be4 56. a6 bxa6 57. Bxa6 Bc6 58. Bc4 Be4 59. Be2 Bc6 60. Bd3
Be4 61. Be2 Bc6 1/2-1/2

[Event "LGA Premium Cup"]
[Site "schach.lga.de"]
[Date "2004.09.11"]
[Round "1"]
[White "Sörgel, Frank"]
[Black "Grasser, Stefan"]
[Result "1/2-1/2"]
[WhiteElo "2138"]
[BlackElo "1679"]
[PlyCount "120"]
[EventDate "2004.09.10"]
[SourceDate "2004.09.10"]

1. c4 Nf6 2. g3 g6 3. Bg2 Bg7 4. Nf3 O-O 5. Nc3 c6 6. O-O Re8 7. e4 d6 8. h3
Nbd7 9. d4 e5 10. dxe5 Nxe5 11. Nxe5 dxe5 12. Be3 Be6 13. b3 Qe7 14. Qe2 Red8
15. Rad1 b6 16. Kh2 Rxd1 17. Rxd1 Rd8 18. Rd2 Rxd2 19. Qxd2 Qd7 20. Qe2 Ne8 21.
a4 Bf8 22. a5 bxa5 23. Na4 Qb7 24. Qb2 f6 25. Qc3 Bb4 26. Qd3 Qe7 27. f4 exf4
28. gxf4 Qc7 29. Kh1 Bf7 30. Qd4 Bd6 31. Qd2 Ng7 32. Nc5 Nh5 33. Nd3 Ng3+ 34.
Kh2 Nh5 35. Bf3 Ng7 36. Kg2 Ne8 37. Qc3 Be6 38. Qd4 a6 39. e5 Be7 40. Qb6 Qc8
41. Nf2 fxe5 42. fxe5 Bb4 43. Bxc6 Ng7 44. Bd5 Kh8 45. Bh6 Bxd5+ 46. cxd5 Nf5
47. Qf6+ Kg8 48. e6 Nxh6 49. Qf4 Qf8 50. Qg5 Be7 51. Qd2 Nf5 52. Qd3 Bd6 53.
Ne4 Nh4+ 54. Kg1 Nf3+ 55. Kh1 Qf4 56. Qe2 Ne5 57. Qg2 Qc1+ 58. Qg1 Qxg1+ 59.
Kxg1 Nf7 60. Kf2 Kf8 1/2-1/2

[Event "LGA Premium Cup"]
[Site "schach.lga.de"]
[Date "2004.09.10"]
[Round "1"]
[White "Rosenberger, Frank"]
[Black "Koellner, Ulrich"]
[Result "1-0"]
[WhiteElo "2208"]
[BlackElo "1712"]
[PlyCount "111"]
[EventDate "2004.09.10"]
[SourceDate "2004.09.10"]

1. e4 c6 2. d4 d5 3. exd5 cxd5 4. c3 Nf6 5. Bd3 Nc6 6. Bf4 Qb6 7. Qb3 Qxb3 8.
axb3 g6 9. h3 Bf5 10. Bxf5 gxf5 11. Nf3 e6 12. b4 Ne4 13. Nbd2 Bd6 14. Bxd6
Nxd6 15. O-O a6 16. Rfe1 Kd7 17. Re2 Rhg8 18. Ne5+ Nxe5 19. dxe5 Ne4 20. Rd1
Nxd2 21. Rexd2 b5 22. Rd4 Rac8 23. Kh2 Ke7 24. R1d3 Rc4 25. Rxc4 bxc4 26. Rd1
Rc8 27. Ra1 Rc6 28. Kg3 h6 29. Kf4 f6 30. g4 fxg4 31. hxg4 Kf7 32. Rh1 fxe5+
33. Kxe5 Kg6 34. f4 Rb6 35. f5+ exf5 36. gxf5+ Kg7 37. Kxd5 Rb5+ 38. Kxc4 Rxf5
39. Rh3 Kg6 40. Kd4 h5 41. c4 Kg5 42. Ra3 Rf4+ 43. Kc5 Rf5+ 44. Kb6 Rf6+ 45.
Ka5 h4 46. b5 axb5 47. Kxb5 Kg4 48. c5 h3 49. c6 h2 50. Ra1 Kg3 51. c7 Rf8 52.
b4 Kg2 53. Ra2+ Kg1 54. Rxh2 Kxh2 55. Kc6 Kg3 56. b5 1-0

[Event "LGA Premium Cup"]
[Site "schach.lga.de"]
[Date "2004.09.10"]
[Round "1"]
[White "Weiß, Markus"]
[Black "Weiß, Michael"]
[Result "1-0"]
[WhiteElo "1838"]
[BlackElo "1935"]
[PlyCount "120"]
[EventDate "2004.09.10"]
[SourceDate "2004.09.10"]

1. d4 d5 2. Nf3 Nf6 3. g3 e6 4. Bg2 Nbd7 5. O-O Be7 6. Nbd2 b6 7. Re1 Bb7 8. c3
O-O 9. Qb3 c5 10. Ng5 h6 11. Nh3 Rc8 12. Nf4 Re8 13. e3 Rc7 14. Bh3 Bf8 15. Nf3
g5 16. Kh1 g4 17. Ne5 gxh3 18. Qd1 Nxe5 19. dxe5 Ne4 20. Kg1 Qg5 21. f3 Nxg3
22. Kf2 Ne4+ 23. fxe4 Qh4+ 24. Ke2 dxe4 25. Rg1+ Kh7 26. Rg3 Ba6+ 27. Kf2 Bg7
28. Qa4 Rd8 29. Qxa6 Bxe5 30. Qc4 Bxf4 31. Qxe4+ f5 32. Qxf4 Qxf4+ 33. exf4 Rd1
34. Rg1 Rxg1 35. Kxg1 Rg7+ 36. Kh1 Rg2 37. b3 Re2 38. Ba3 Rf2 39. b4 c4 40. b5
Rxf4 41. Bd6 Re4 42. Rc1 f4 43. Kg1 Re2 44. Bxf4 Rxa2 45. Re1 Rg2+ 46. Kf1 Rg6
47. Re4 Rf6 48. Ke2 Rf5 49. Be5 Kg6 50. Ke3 Rg5 51. Kd4 Rg2 52. Bg3 Kf5 53.
Rf4+ Kg5 54. Kxc4 Ra2 55. Kb3 Re2 56. Ra4 h5 57. Rxa7 h4 58. Bc7 e5 59. Ra2 Re1
60. Bxb6 e4 1-0

[Event "LGA Premium Cup"]
[Site "schach.lga.de"]
[Date "2004.09.11"]
[Round "1"]
[White "Kirch, Florian"]
[Black "Dreiseitel, Werner"]
[Result "1-0"]
[WhiteElo "1853"]
[BlackElo "1273"]
[PlyCount "49"]
[EventDate "2004.09.10"]
[SourceDate "2004.09.10"]

1. d4 d5 2. c4 c6 3. cxd5 cxd5 4. Nf3 Nf6 5. Nc3 e6 6. Bf4 a6 7. Rc1 Bd6 8.
Nxd5 Bxf4 9. Nxf4 O-O 10. a3 Qa5+ 11. Nd2 Bd7 12. Rc5 Qa4 13. Qxa4 Bxa4 14. b3
Bc6 15. f3 Nbd7 16. Rc2 Nb6 17. e4 Rad8 18. Ne2 Nc8 19. Kf2 Ne7 20. Ke3 Nd7 21.
Nf4 e5 22. dxe5 Nxe5 23. Be2 f5 24. Ne6 fxe4 25. fxe4 1-0

[Event "LGA Premium Cup"]
[Site "schach.lga.de"]
[Date "2004.09.10"]
[Round "1"]
[White "Sippl, Martin"]
[Black "Obernöder, Thomas"]
[Result "1-0"]
[WhiteElo "2098"]
[BlackElo "1660"]
[PlyCount "65"]
[EventDate "2004.09.10"]
[SourceDate "2004.09.10"]

1. e4 e6 2. d4 d5 3. Nc3 Nf6 4. Bg5 Be7 5. e5 Nfd7 6. h4 a6 7. Qg4 Bxg5 8. hxg5
Qe7 9. Nf3 Nf8 10. Nxd5 Qd8 11. Nc3 Nc6 12. O-O-O Ne7 13. Bd3 c6 14. Nh4 Bd7
15. Ne4 Nc8 16. Kb1 Qe7 17. Nf6+ Kd8 18. Ne4 Kc7 19. Nf3 Nb6 20. Nc5 Rd8 21.
Nd2 Be8 22. c3 Bd7 23. Nde4 Bc8 24. Nd6 Nbd7 25. Qf4 Nxc5 26. dxc5 Rd7 27. Qb4
Qxg5 28. f4 Qg3 29. Bxa6 Ng6 30. Bxb7 Bxb7 31. Qxb7+ Kd8 32. Qc8+ Ke7 33. Nf5+
1-0

[Event "LGA Premium Cup"]
[Site "schach.lga.de"]
[Date "2004.09.10"]
[Round "1"]
[White "Wehner, Veit"]
[Black "Seidel, Michael"]
[Result "0-1"]
[WhiteElo "1626"]
[BlackElo "2085"]
[PlyCount "82"]
[EventDate "2004.09.10"]
[SourceDate "2004.09.10"]

1. d4 Nf6 2. c4 g6 3. Nc3 Bg7 4. e4 d6 5. f3 O-O 6. Be3 e5 7. d5 Nh5 8. g4 Nf4
9. Qd2 f5 10. gxf5 gxf5 11. O-O-O fxe4 12. Nxe4 Kh8 13. h4 Bf5 14. Ng3 Nd7 15.
h5 h6 16. Nxf5 Rxf5 17. Bd3 Nxd3+ 18. Qxd3 Qf6 19. Qc2 Re8 20. Rh2 Qf7 21. Rf2
Rxh5 22. Ne2 Rh3 23. Rdf1 Qh5 24. Nc3 Rf8 25. Qd2 Rhxf3 26. Rxf3 Rxf3 27. Rg1
Qf7 28. Kc2 Qf5+ 29. Kb3 Qh3 30. Bxa7 b6 31. Kb4 Nc5 32. Rg2 Rg3 33. Rh2 Qg4
34. a4 Qg6 35. a5 bxa5+ 36. Kxa5 Ne4 37. Qc2 Nxc3 38. bxc3 e4 39. Ka4 Rxc3 40.
Qf2 Qe8+ 41. Ka5 Rxc4 0-1

[Event "LGA Premium Cup"]
[Site "schach.lga.de"]
[Date "2004.09.10"]
[Round "1"]
[White "Anders, Maik"]
[Black "Pühn, Georg"]
[Result "0-1"]
[WhiteElo "1603"]
[BlackElo "2266"]
[PlyCount "78"]
[EventDate "2004.09.10"]
[SourceDate "2004.09.10"]

1. d4 d5 2. Nf3 Nf6 3. Bg5 Ne4 4. Nbd2 Nxg5 5. Nxg5 e5 6. Ngf3 e4 7. Ng1 Bd6 8.
e3 Nd7 9. c4 c6 10. c5 Bc7 11. Ne2 f5 12. g3 Nf6 13. b4 Be6 14. a4 g5 15. Nb3
f4 16. Nc3 fxe3 17. fxe3 Ng4 18. Qd2 Rf8 19. Nd1 Nh6 20. Nc3 Bg4 21. Be2 Bf3
22. Rf1 Ng4 23. Bxf3 exf3 24. O-O-O Qd7 25. Rde1 O-O-O 26. h3 f2 27. Re2 Nh2
28. Rfxf2 Nf3 29. Qd1 Bxg3 30. Rf1 Qxh3 31. Rh1 Qf5 32. b5 Bc7 33. Rf2 g4 34.
bxc6 bxc6 35. Qe2 Qg6 36. Qa6+ Kd7 37. Na5 Nxd4 38. Rb2 Rb8 39. Rxb8 Qc2# 0-1

[Event "LGA Premium Cup"]
[Site "schach.lga.de"]
[Date "2004.09.10"]
[Round "1"]
[White "Kordts, Florian"]
[Black "FM Hirn, Oskar"]
[Result "0-1"]
[WhiteElo "1698"]
[BlackElo "220"]
[PlyCount "90"]
[EventDate "2004.09.10"]
[SourceDate "2004.09.10"]

1. c4 Nf6 2. Nc3 g6 3. e4 d6 4. d4 Bg7 5. f3 O-O 6. Bg5 a6 7. Nge2 Nc6 8. Ng3
e5 9. d5 Nd4 10. Nce2 c5 11. Nxd4 cxd4 12. Qd2 Bd7 13. Bd3 b5 14. O-O Qb6 15.
b4 bxc4 16. Bxc4 Rfc8 17. Bd3 Rc3 18. Ne2 Bb5 19. Bxb5 Rc2 20. Qd3 axb5 21. a3
h6 22. Bd2 Rxd2 23. Qxd2 d3+ 24. Kh1 dxe2 25. Qxe2 Kh7 26. Rfc1 Ne8 27. Qd3 Nc7
28. Ra2 Bf6 29. Rcc2 Bg5 30. g3 Be3 31. h4 Ra7 32. Re2 Bd4 33. Rec2 Kg7 34. f4
Qb7 35. Rh2 f5 36. h5 fxe4 37. Qxe4 Qxd5 38. Qxd5 Nxd5 39. fxe5 Bxe5 40. hxg6
Kxg6 41. Rhg2 Nc3 42. Ra1 Ne4 43. Raa2 Nxg3+ 44. Kh2 Kg5 45. Rxg3+ Kh4 0-1

[Event "LGA Premium Cup"]
[Site "schach.lga.de"]
[Date "2004.09.10"]
[Round "1"]
[White "Elster, Sebastian"]
[Black "FM Heimrath, Rainer"]
[Result "0-1"]
[WhiteElo "1790"]
[BlackElo "2293"]
[PlyCount "90"]
[EventDate "2004.09.10"]
[SourceDate "2004.09.10"]

1. d4 Nf6 2. c4 e6 3. Nf3 b6 4. Nc3 Bb7 5. Bg5 h6 6. Bxf6 Qxf6 7. e4 Bb4 8. Qc2
O-O 9. a3 Bxc3+ 10. bxc3 d6 11. Bd3 Nc6 12. O-O e5 13. Qb2 Bc8 14. Rad1 Bg4 15.
Be2 Qf4 16. Qd2 Rae8 17. d5 Na5 18. g3 Qf6 19. Ne1 Bh3 20. Ng2 Qe7 21. Bd3 Nb7
22. Qe2 Nc5 23. Bc2 g6 24. f3 f5 25. Rf2 Bxg2 26. Kxg2 Kg7 27. Rdf1 Rf6 28. Re1
Qd7 29. Qd1 fxe4 30. Bxe4 Ref8 31. Bc2 Qc8 32. Qd2 Qa6 33. a4 Qa5 34. Qe3 a6
35. Qe2 R8f7 36. h4 h5 37. Qe3 Nxa4 38. Ra1 Qc5 39. Qd3 Nb2 40. Qe4 Nxc4 41.
Re2 Na3 42. Bd3 Qxc3 43. Rea2 Nb5 44. Rf1 Qc5 45. Bxb5 Qxb5 0-1

[Event "LGA Premium Cup"]
[Site "schach.lga.de"]
[Date "2004.09.10"]
[Round "1"]
[White "IM Dobosz, Henryk"]
[Black "Trapp, Maximilian"]
[Result "1-0"]
[WhiteElo "2453"]
[BlackElo "1815"]
[PlyCount "57"]
[EventDate "2004.09.10"]
[SourceDate "2004.09.10"]

1. c4 f5 2. b4 Nf6 3. Bb2 e6 4. a3 b6 5. Nf3 Bb7 6. g3 Be7 7. Bg2 O-O 8. O-O a5
9. b5 Ne4 10. Nc3 Bf6 11. d4 d6 12. Qc2 Nd7 13. Rad1 Qe7 14. Ne1 Nxc3 15. Bxc3
Bxg2 16. Nxg2 Rac8 17. e4 g6 18. Rfe1 Qf7 19. f4 Rfd8 20. Ne3 Re8 21. Ba1 fxe4
22. Qxe4 e5 23. fxe5 dxe5 24. Ng4 exd4 25. Nxf6+ Nxf6 26. Qxd4 Kg7 27. Rxe8
Rxe8 28. Qxf6+ Qxf6 29. Rd7+ 1-0

[Event "LGA Premium Cup"]
[Site "schach.lga.de"]
[Date "2004.09.10"]
[Round "1"]
[White "Kordts, Wolfgang"]
[Black "Ebenhöch, Daniel"]
[Result "1-0"]
[WhiteElo "2266"]
[BlackElo "1721"]
[PlyCount "50"]
[EventDate "2004.09.10"]
[SourceDate "2004.09.10"]

1. d4 Nf6 2. c4 g6 3. Nc3 Bg7 4. e4 d6 5. Nf3 O-O 6. Be2 e5 7. O-O Na6 8. Re1
exd4 9. Nxd4 Nc5 10. f3 a5 11. Be3 c6 12. Qd2 Qc7 13. Rab1 Rd8 14. b3 Ne6 15.
Rbc1 Nxd4 16. Bxd4 Be6 17. Red1 b6 18. Be3 Rab8 19. Bg5 Qe7 20. Qf4 Rb7 21. Qh4
Rbd7 22. e5 dxe5 23. Rxd7 Qxd7 24. Bxf6 Qd2 25. Bg5 f6 1-0

[Event "LGA Premium Cup"]
[Site "schach.lga.de"]
[Date "2004.09.10"]
[Round "1"]
[White "Kretschmer, Wolfgang, Dr"]
[Black "FM Seyb, Dieter"]
[Result "0-1"]
[WhiteElo "2285"]
[BlackElo "1746"]
[PlyCount "122"]
[EventDate "2004.09.10"]
[SourceDate "2004.09.10"]

1. c4 g6 2. Nc3 Bg7 3. g3 d6 4. Bg2 e5 5. e3 Nc6 6. Nge2 h5 7. h4 Bg4 8. f3 Be6
9. d3 Nge7 10. a3 d5 11. cxd5 Nxd5 12. Nxd5 Qxd5 13. Nc3 Qb3 14. Qxb3 Bxb3 15.
Ne4 Bf8 16. Nf6+ Ke7 17. Ne4 Ke6 18. Ke2 f5 19. Bh3 Kf7 20. Ng5+ Ke7 21. Bd2
Bg7 22. Bc3 Rhd8 23. f4 Bc2 24. d4 exd4 25. exd4 Bxd4 26. Kd2 Bb3 27. Rae1+ Kf8
28. Bxd4 Nxd4 29. Kc3 Rd7 30. Bg2 c6 31. Re5 Re8 32. Nh7+ Rxh7 33. Kxd4 Rd7+
34. Kc3 Rxe5 35. fxe5 Bd5 36. Bxd5 Rxd5 37. Re1 Ke7 38. Re3 Ke6 39. a4 Rxe5 40.
Rd3 Ke7 41. b4 Re4 42. Kb3 f4 43. gxf4 Rxf4 44. Rg3 Rg4 45. Re3+ Kd7 46. Rf3
Rxh4 47. Rf7+ Kc8 48. a5 Rd4 49. Rg7 Rd6 50. Rg8+ Kc7 51. Rg7+ Rd7 52. Rxg6 Rh7
53. Rg3 h4 54. Rh3 Kd6 55. Kc3 Ke5 56. Kd3 Kf4 57. Ke2 Kg4 58. Rh1 h3 59. Kf2
h2 60. Kg2 Rh3 61. Kf2 a6 0-1

[Event "LGA Premium Cup"]
[Site "schach.lga.de"]
[Date "2004.09.10"]
[Round "1"]
[White "Süß, Stefan"]
[Black "Frank, Gerhard"]
[Result "1-0"]
[WhiteElo "2041"]
[BlackElo "1507"]
[PlyCount "69"]
[EventDate "2004.09.10"]
[SourceDate "2004.09.10"]

1. e4 e5 2. Nf3 Nc6 3. Bb5 Nf6 4. O-O d6 5. Re1 a6 6. Ba4 b5 7. Bb3 Bg4 8. c3
Be7 9. d3 O-O 10. Nbd2 Na5 11. Bc2 c5 12. Nf1 Nc6 13. h3 Bh5 14. Ng3 Bg6 15.
Nh4 a5 16. Nhf5 Ne8 17. Qg4 Ra7 18. h4 h5 19. Nxh5 Bxh5 20. Qxh5 g6 21. Qg4 Kh7
22. Re3 Ng7 23. Nxg7 Kxg7 24. h5 g5 25. Rg3 Kh6 26. f4 f6 27. Qf5 Rg8 28. fxg5+
fxg5 29. Qe6+ Bf6 30. Bxg5+ Rxg5 31. Rxg5 Kh7 32. Rg6 Bh8 33. Rh6+ Kg7 34. Qg6+
Kf8 35. Rf1+ 1-0

[Event "LGA Premium Cup"]
[Site "schach.lga.de"]
[Date "2004.09.10"]
[Round "1"]
[White "Küffner, Christian "]
[Black "Sarec, Ivica"]
[Result "1/2-1/2"]
[WhiteElo "1490"]
[BlackElo "2038"]
[PlyCount "116"]
[EventDate "2004.09.10"]
[SourceDate "2004.09.10"]

1. e4 c5 2. Nf3 Nf6 3. e5 Nd5 4. c3 Nc6 5. d4 d6 6. exd6 Qxd6 7. Bc4 cxd4 8.
Nxd4 Qe5+ 9. Qe2 Qxe2+ 10. Bxe2 Nxd4 11. cxd4 Bd7 12. Bd2 e6 13. O-O Be7 14.
Nc3 Nxc3 15. bxc3 b5 16. Rab1 a6 17. Rfc1 Bd6 18. c4 bxc4 19. Bxc4 Ke7 20. Rb6
Rhb8 21. Rxd6 Kxd6 22. Bf4+ Ke7 23. Bxb8 Rxb8 24. Bxa6 Rb2 25. Bc4 Rd2 26. f3
Rxd4 27. Bb3 f5 28. Ra1 g5 29. a4 Rb4 30. Bd1 h5 31. a5 Bb5 32. Bc2 Rb2 33. Rb1
Rxc2 34. Rxb5 Ra2 35. Kf1 g4 36. fxg4 hxg4 37. h3 gxh3 38. gxh3 Kf6 39. h4 Ra4
40. h5 Kg5 41. Re5 Kxh5 42. Rxe6 Rxa5 43. Re3 Kg4 44. Rb3 Ra2 45. Rc3 Rd2 46.
Rb3 Rd1+ 47. Kf2 f4 48. Ra3 Rh1 49. Rb3 Rh2+ 50. Kf1 f3 51. Rb8 Rh5 52. Rg8+
Kf4 53. Rf8+ Rf5 54. Rxf5+ Kxf5 55. Kf2 Kg4 56. Kf1 Kg3 57. Kg1 f2+ 58. Kf1 Kf3
1/2-1/2

[Event "LGA Premium Cup"]
[Site "schach.lga.de"]
[Date "2004.09.10"]
[Round "1"]
[White "Deinlein, Albert"]
[Black "Röber, Jürgen"]
[Result "0-1"]
[WhiteElo "1621"]
[BlackElo "2047"]
[PlyCount "96"]
[EventDate "2004.09.10"]
[SourceDate "2004.09.10"]

1. e4 c5 2. Nf3 Nc6 3. Nc3 g6 4. d4 cxd4 5. Nxd4 Bg7 6. Nxc6 bxc6 7. Bc4 d6 8.
Qf3 Nf6 9. h3 O-O 10. Bb3 Qc7 11. Qe2 a5 12. a4 Nd7 13. Be3 Ne5 14. f4 Ba6 15.
Qf2 Nc4 16. Bxc4 Bxc4 17. Bd4 Bxd4 18. Qxd4 Ba6 19. g3 Rab8 20. b3 e6 21. Rd1
d5 22. Qc5 Rfc8 23. e5 Qb6 24. Qxb6 Rxb6 25. Rh2 c5 26. Nb1 c4 27. Nd2 cxb3 28.
cxb3 Rc3 29. Rb1 Rbc6 30. Kf2 Rc2 31. Ke1 R6c3 32. g4 Kf8 33. b4 Rc1+ 34. Kf2
Rxb1 35. Nxb1 Rc2+ 36. Kg3 Rxh2 37. Kxh2 axb4 38. Kg2 Ke7 39. Kf2 Kd7 40. Ke3
Kc6 41. Kd4 Kb6 42. Nd2 Ka5 43. Nb3+ Kxa4 44. Nc5+ Kb5 45. h4 Ka5 46. Nxe6 fxe6
47. f5 gxf5 48. gxf5 exf5 0-1

[Event "LGA Premium Cup"]
[Site "schach.lga.de"]
[Date "2004.09.10"]
[Round "1"]
[White "Zier, Verena"]
[Black "Vogiatzis, Joannis"]
[Result "1/2-1/2"]
[WhiteElo "1572"]
[BlackElo "2054"]
[PlyCount "44"]
[EventDate "2004.09.10"]
[SourceDate "2004.09.10"]

1. d4 Nf6 2. c4 e6 3. Nc3 Bb4 4. Bg5 h6 5. Bh4 c5 6. e3 Qa5 7. Qc2 Nc6 8. dxc5
Bxc3+ 9. Qxc3 Qxc3+ 10. bxc3 Ne4 11. Rc1 Nxc5 12. Nf3 e5 13. Be2 d6 14. O-O f6
15. Rfd1 Kf7 16. Ne1 Be6 17. Nc2 Na5 18. Na3 Rhd8 19. f3 b6 20. e4 Rd7 21. Rc2
Na4 22. Rb1 Rc8 1/2-1/2

[Event "LGA Premium Cup"]
[Site "schach.lga.de"]
[Date "2004.09.10"]
[Round "1"]
[White "Bildt, Maximilian"]
[Black "Kirch, Daniel"]
[Result "0-1"]
[WhiteElo "1462"]
[BlackElo "2016"]
[PlyCount "82"]
[EventDate "2004.09.10"]
[SourceDate "2004.09.10"]

1. e4 Nf6 2. e5 Nd5 3. d4 d6 4. exd6 cxd6 5. c4 Nb6 6. Nf3 Bg4 7. h3 Bxf3 8.
Qxf3 Nc6 9. Be3 g6 10. d5 Ne5 11. Qe4 Bg7 12. Bd4 O-O 13. f4 f5 14. Qc2 Nf3+
15. gxf3 Bxd4 16. h4 Qe8 17. Nc3 Rc8 18. O-O-O Be3+ 19. Kb1 Bxf4 20. h5 Nxc4
21. Bxc4 Rxc4 22. hxg6 hxg6 23. Qg2 Be5 24. Qh3 Qf7 25. Rde1 Bf6 26. Re6 Rh4
27. Qg2 Rxh1+ 28. Qxh1 Qh7 29. Qg1 Kf7 30. Ne2 Rh8 31. Qe3 Qh4 32. f4 Qe1+ 33.
Kc2 Rc8+ 34. Nc3 Qxe3 35. Rxe3 Rc4 36. Rf3 b5 37. Kb3 a6 38. Ne2 a5 39. a3 a4+
40. Ka2 Rc2 41. Nc3 Bxc3 0-1

[Event "LGA Premium Cup"]
[Site "schach.lga.de"]
[Date "2004.09.10"]
[Round "1"]
[White "Brassat, Jürgen"]
[Black "Lowitz, Torsten"]
[Result "1-0"]
[WhiteElo "1674"]
[BlackElo "2134"]
[PlyCount "69"]
[EventDate "2004.09.10"]
[SourceDate "2004.09.10"]

1. d4 Nf6 2. c4 g6 3. Nc3 Bg7 4. e4 d6 5. f3 O-O 6. Be3 e5 7. Nge2 h5 8. Qd2
Kh7 9. O-O-O Bd7 10. Kb1 a6 11. h3 b5 12. dxe5 Ne8 13. Bg5 Qc8 14. Be7 Rh8 15.
exd6 Be6 16. c5 Qd7 17. Nd5 Nc6 18. Bg5 f6 19. Bf4 g5 20. Bh2 Bf8 21. Nec3 Ra7
22. e5 Nxe5 23. Bxe5 fxe5 24. Qxg5 Bf5+ 25. Bd3 Bxd3+ 26. Rxd3 cxd6 27. Ne4 Bg7
28. cxd6 Qe6 29. Qxh5+ Kg8 30. Qxe8+ Qxe8 31. Nef6+ Kf7 32. Nxe8 Rxe8 33. Rhd1
Rd8 34. Ne3 Ke6 35. g4 1-0